000 00466nam a2200181Ia 4500
008 151018s9999 xx 000 0 und d
082 _bRBASDV51947
_a891.463
100 _aल स रोकडे
245 _aझळा
250 _b1
260 _bपार्थ प्रकाशन
_c2009
300 _a176
600 _aल स रोकडे
630 _aझळा
700 _aल स रोकडे
730 _aझळा
942 _cBOOK
999 _c1050698
_d1050695